[Event "GER-ch U10"]
[Site "Willingen"]
[Date "2024.05.23"]
[Round "8"]
[White "Liu, Jonas1"]
[Black "Barsov, Mikhail"]
[Result "0-1"]
[WhiteElo "1630"]
[BlackElo "1706"]
[PlyCount "94"]
[EventDate "2024.05.19"]
[EventType "swiss"]
[EventRounds "11"]
[EventCountry "GER"]
[SourceTitle "CBM 220 Extra"]
[Source "ChessBase"]
[SourceDate "2024.07.31"]
[SourceVersion "1"]
[SourceVersionDate "2024.07.31"]
[SourceQuality "1"]

1. e4 c6 2. Nf3 d5 3. exd5 cxd5 4. Ne5 Nd7 5. Bb5 a6 6. Bxd7+ Bxd7 7. d4 Nf6 8. 0-0 e6 9. c3 Be7 10. Bf4 Qb6 11. Nd3 Bb5 12. b3 Rc8 13. f3 Nh5 14. Be3 Bd6 15. Re1 Bxd3 16. Qxd3 Qc7 17. h3 Bh2+ 18. Kh1 Bg3 19. Rf1 Nf4 20. Qc2 b5 21. b4 Qc4 22. Nd2 Qe2 23. Bxf4 Bxf4 24. Rad1 Qe3 25. Nb1 Bd6 26. Qd2 Qxd2 27. Rxd2 Kd7 28. g4 h5 29. Kg2 hxg4 30. fxg4 f6 31. g5 Ke7 32. gxf6+ gxf6 33. Rdf2 Rcg8+ 34. Kf3 Rxh3+ 35. Ke2 Rh2 36. Nd2 Rxf2+ 37. Rxf2 Rg3 38. Nf3 Kf7 39. Rh2 Kg6 40. Rh8 Rg2+ 41. Ke3 Rxa2 42. Rg8+ Kf7 43. Rh8 Ra3 44. Rc8 Bxb4 45. Rc7+ Ke8 46. Rc8+ Kd7 47. Rh8 Rxc3+ 0-1

[Event "GER-ch U10"]
[Site "Willingen"]
[Date "2024.05.22"]
[Round "7"]
[White "Barsov, Mikhail"]
[Black "Nikolic, Luka"]
[Result "1-0"]
[WhiteElo "1706"]
[BlackElo "1145"]
[PlyCount "63"]
[EventDate "2024.05.19"]
[EventType "swiss"]
[EventRounds "11"]
[EventCountry "GER"]
[SourceTitle "CBM 220 Extra"]
[Source "ChessBase"]
[SourceDate "2024.07.31"]
[SourceVersion "1"]
[SourceVersionDate "2024.07.31"]
[SourceQuality "1"]

1. e4 c6 2. d4 d5 3. Nc3 dxe4 4. Nxe4 Bf5 5. Ng3 Bg6 6. Nf3 Nf6 7. h4 h5 8. Ne5 Be4 9. Nxe4 Nxe4 10. c3 Nd7 11. Nxd7 Qxd7 12. Qc2 Nd6 13. g3 0-0-0 14. Bh3 e6 15. Bd2 Kb8 16. 0-0-0 Nc4 17. Bf4+ Bd6 18. Bxd6+ Qxd6 19. Qb3 Na5 20. Qa4 b6 21. Bg2 Rc8 22. Kb1 Rh6 23. c4 Qc7 24. Rc1 Rf6 25. Rc2 b5 26. cxb5 cxb5 27. Qxb5+ Qb6 28. Qe5+ Rc7 29. Rhc1 Nb7 30. Rxc7 a5 31. Rxb7+ Ka8 32. Rc8# 1-0

[Event "Heusenstamm Sparkassen op-B 9th"]
[Site "Heusenstamm"]
[Date "2023.11.26"]
[Round "7"]
[White "Barsov, Mikhail"]
[Black "De la Chevallerie, Gilbert"]
[Result "1-0"]
[WhiteElo "1405"]
[BlackElo "1552"]
[PlyCount "73"]
[EventDate "2023.11.23"]
[EventType "swiss"]
[EventRounds "7"]
[EventCountry "GER"]
[SourceTitle "EXT 2025"]
[Source "ChessBase"]
[SourceDate "2024.10.14"]
[SourceVersion "1"]
[SourceVersionDate "2024.10.14"]
[SourceQuality "1"]

1. c4 b6 2. Nc3 Bb7 3. e4 e6 4. Nge2 c5 5. d3 a6 6. g3 f5 7. Bg2 Ne7 8. 0-0 g6 9. Be3 Nbc6 10. Qd2 Ne5 11. b3 h6 12. d4 cxd4 13. Bxd4 N7c6 14. Bxe5 Nxe5 15. Qd4 Bg7 16. Qd2 0-0 17. Rad1 fxe4 18. Nxe4 d5 19. cxd5 exd5 20. N4c3 Nf3+ 21. Bxf3 Rxf3 22. Nxd5 g5 23. Ne3 Qe8 24. Qd7 Qe4 25. Qh3 Rxe3 26. fxe3 Qxe3+ 27. Rf2 Rf8 28. Qf1 h5 29. Re1 Re8 30. b4 Qe4 31. Qg2 Qe7 32. Qh3 Bd4 33. Qxh5 Bxf2+ 34. Kxf2 Qe3+ 35. Kf1 Kg7 36. Qg4 Kg6 37. Nf4+ 1-0

[Event "Heusenstamm Sparkassen op-B 9th"]
[Site "Heusenstamm"]
[Date "2023.11.26"]
[Round "6"]
[White "Hofmann, Andre"]
[Black "Barsov, Mikhail"]
[Result "0-1"]
[WhiteElo "1380"]
[BlackElo "1405"]
[PlyCount "100"]
[EventDate "2023.11.23"]
[EventType "swiss"]
[EventRounds "7"]
[EventCountry "GER"]
[SourceTitle "EXT 2025"]
[Source "ChessBase"]
[SourceDate "2024.10.14"]
[SourceVersion "1"]
[SourceVersionDate "2024.10.14"]
[SourceQuality "1"]

1. d4 d5 2. Bf4 Nf6 3. Nf3 Nc6 4. e3 Bf5 5. Bd3 Bg6 6. Nbd2 e6 7. 0-0 Bd6 8. Re1 Bxf4 9. exf4 0-0 10. Ne5 Nxd4 11. Bxg6 hxg6 12. Ndf3 Nxf3+ 13. Qxf3 c6 14. Ng4 Ne4 15. Qh3 Qb6 16. Qb3 Rfd8 17. Kh1 Qc7 18. f3 Nd6 19. Qd3 Kh7 20. g3 Nf5 21. Qf1 Rh8 22. c3 Kg8 23. Kg2 Qb6 24. Qe2 d4 25. Rac1 Rd8 26. Red1 c5 27. c4 Qc6 28. b3 Kh7 29. Rd3 Rhe8 30. h4 Kg8 31. h5 gxh5 32. Nh2 h4 33. gxh4 Nxh4+ 34. Kh3 Nf5 35. Ng4 Qc7 36. Qe4 Qe7 37. Rh1 Qh4+ 38. Kg2 Qg3+ 39. Kf1 Nh4 40. Rh2 f5 41. Qe1 Qxe1+ 42. Kxe1 Nxf3+ 43. Rxf3 fxg4 44. Rg3 e5 45. f5 Rf8 46. Rh5 Kf7 47. Rxg4 Rde8 48. Re4 Kf6 49. Reh4 e4 50. Rf4 e3 0-1

[Event "Heusenstamm Sparkassen op-B 9th"]
[Site "Heusenstamm"]
[Date "2023.11.25"]
[Round "5"]
[White "Barsov, Mikhail"]
[Black "Himmelspacht, Maxim"]
[Result "0-1"]
[WhiteElo "1405"]
[BlackElo "1574"]
[PlyCount "178"]
[EventDate "2023.11.23"]
[EventType "swiss"]
[EventRounds "7"]
[EventCountry "GER"]
[SourceTitle "EXT 2025"]
[Source "ChessBase"]
[SourceDate "2024.10.14"]
[SourceVersion "1"]
[SourceVersionDate "2024.10.14"]
[SourceQuality "1"]

1. c4 c5 2. Nc3 Nc6 3. g3 g6 4. Bg2 Bg7 5. e4 d6 6. Nge2 e5 7. 0-0 Nge7 8. d3 0-0 9. Be3 a6 10. f4 f5 11. Qd2 Rb8 12. a4 Be6 13. Nd5 Qd7 14. Nec3 Nd4 15. Rab1 a5 16. b3 Nec6 17. fxe5 Bxe5 18. Bh6 Rf7 19. Bf4 Rbf8 20. Bxe5 Nxe5 21. Nf4 Kg7 22. Nxe6+ Nxe6 23. exf5 Rxf5 24. Rxf5 Rxf5 25. Rf1 Nd4 26. Qd1 Rxf1+ 27. Bxf1 Qf5 28. Ne4 Qe6 29. Ng5 Qf5 30. Ne4 Qe6 31. Ng5 Qe7 32. Ne4 Qc7 33. Kf2 Qb6 34. Ke3 h5 35. h3 Nf5+ 36. Kf2 Nd4 37. Ke3 Nf7 38. Nd2 Nf5+ 39. Kf2 Nd4 40. Ke3 Kf6 41. Ne4+ Ke7 42. Nd2 Ne5 43. g4 hxg4 44. hxg4 Kd7 45. Bh3 Kc7 46. Bg2 Kb8 47. Be4 Qd8 48. Kf4 Qh4 49. Nf3 Qxg4+ 50. Ke3 Kc7 51. Qf1 Ndxf3 52. Bxf3 Nxf3 53. Qxf3 Qxf3+ 54. Kxf3 Kd7 55. Kf4 Ke6 56. Kg5 Kf7 57. Kg4 Kf6 58. Kf4 g5+ 59. Ke4 Ke6 60. Kf3 Kf5 61. Kg3 g4 62. Kg2 Kf4 63. Kf2 g3+ 64. Kg2 Kg4 65. Kg1 Kf3 66. Kf1 g2+ 67. Kg1 Ke3 68. Kxg2 Kxd3 69. Kf3 Kc3 70. Ke2 Kxb3 71. Kd3 b6 72. Kd2 Kxc4 73. Kc2 d5 74. Kd2 d4 75. Kc2 d3+ 76. Kd2 Kd4 77. Kd1 Kc3 78. Kc1 d2+ 79. Kd1 c4 80. Ke2 Kc2 81. Ke3 d1Q 82. Ke4 Qd6 83. Kf5 Kd3 84. Kg4 c3 85. Kf5 c2 86. Kg4 c1Q 87. Kf3 Qf1+ 88. Kg4 Qg6+ 89. Kh4 Qh1# 0-1

[Event "GER-ch U08"]
[Site "Willingen"]
[Date "2022.06.10"]
[Round "6"]
[White "Barsov, Mikhail"]
[Black "Posch, Jonas"]
[Result "1-0"]
[WhiteElo "1169"]
[BlackElo "1265"]
[PlyCount "59"]
[EventDate "2022.06.07"]
[EventType "swiss"]
[EventRounds "7"]
[EventCountry "GER"]
[SourceTitle "EXT 2023"]
[Source "ChessBase"]
[SourceDate "2022.10.05"]
[SourceVersion "1"]
[SourceVersionDate "2022.10.05"]
[SourceQuality "1"]

1. c4 e6 2. d4 d5 3. e3 Nf6 4. Nc3 Bb4 5. Bd3 0-0 6. Nge2 b6 7. 0-0 Bb7 8. a3 Bd6 9. b4 dxc4 10. Bxc4 Nbd7 11. Bb2 Re8 12. Rc1 Rc8 13. Qd2 Qe7 14. Rc2 c5 15. bxc5 bxc5 16. Nb5 Bb8 17. Rfc1 a6 18. Nbc3 Qd6 19. dxc5 Qxh2+ 20. Kf1 Qxg2+ 21. Ke1 Qh1+ 22. Ng1 Qxg1+ 23. Ke2 Qg4+ 24. Ke1 Qxc4 25. Ne2 Qh4 26. Nd4 Ne5 27. c6 Ba8 28. Qe2 Re7 29. Qxa6 Ra7 30. Qxc8+ 1-0

[Event "GER-chT U10"]
[Site "Magdeburg"]
[Date "2021.08.06"]
[Round "2.3"]
[White "Barsov, Mikhail"]
[Black "Wagner, Cosima"]
[Result "0-1"]
[WhiteElo "858"]
[BlackElo "970"]
[PlyCount "118"]
[EventDate "2021.08.06"]
[EventType "team-swiss"]
[EventRounds "7"]
[EventCountry "GER"]
[SourceTitle "EXT 2022"]
[Source "ChessBase"]
[SourceDate "2021.10.06"]
[SourceVersion "1"]
[SourceVersionDate "2021.10.06"]
[SourceQuality "1"]
[WhiteTeam "Graefelfing"]
[BlackTeam "Tegernsee"]
[WhiteTeamCountry "GER"]
[BlackTeamCountry "GER"]

1. e4 c5 2. d4 cxd4 3. c3 d3 4. Bxd3 g6 5. c4 Bg7 6. Nf3 Nf6 7. Nc3 Nc6 8. 0-0 0-0 9. Bg5 d6 10. h3 Bd7 11. Re1 Rc8 12. Rc1 Na5 13. b3 Ne8 14. Nd5 Nf6 15. Bxf6 Bxf6 16. Qe2 Bg7 17. Red1 Nc6 18. Qe3 b6 19. a3 Bb2 20. Rb1 Bxa3 21. b4 e6 22. Bc2 exd5 23. Qxa3 dxc4 24. Rxd6 Qc7 25. Rbd1 Rcd8 26. Qc3 Be6 27. Rxd8 Rxd8 28. b5 Rxd1+ 29. Bxd1 Nb8 30. Ng5 Bd7 31. Ba4 a6 32. Qf3 Bxb5 33. Bxb5 axb5 34. Qc3 Na6 35. Nf3 b4 36. Qc2 b3 37. Qc3 b5 38. Nd4 b4 39. Qb2 Qe5 40. Qa1 Qxe4 41. f3 Qe3+ 42. Kf1 Qd3+ 43. Ke1 Nc5 44. Qa8+ Kg7 45. Qa1 c3 46. Nc6 b2 47. Nxb4 bxa1Q+ 48. Kf2 Qb2+ 49. Nc2 Qdxc2+ 50. Kg3 Qxg2+ 51. Kf4 Nd3+ 52. Ke4 c2 53. Kxd3 c1R 54. Ke4 Rc4+ 55. Kd5 Qb5+ 56. Kd6 Qd2+ 57. Ke7 Qb7+ 58. Ke8 Qe2+ 59. Kd8 Rd4# 0-1